=LDR 00000nam 2200000 4500 =001 INLIS000000000016292 =005 20130612111550 =008 ***********************************Ind** =035 ##$$0010-061300000016292 =041 ##$$a Ind =082 ##$$a 595.799 =090 ##$$a 595.799, Ota l =100 ##$$a Otani, Takeshi =245 ##$$a Lebah madu, Takeshi Otani ; alih bahasa, Tjita Sungo =250 ##$$a seri misteri alam =260 ##$$a 1996 $b Jakarta =300 ##$$a 32 hlm., ilus, 23 cm =650 ##$$a Lebah madu =700 ##$$a Singo, Cita =850 ##$$a NBPNMAT